|
|
|
|
| LEADER |
02670nam a22004213i 4500 |
| 001 |
EBC6955907 |
| 003 |
MiAaPQ |
| 005 |
20231204023223.0 |
| 006 |
m o d | |
| 007 |
cr cnu|||||||| |
| 008 |
231204s2014 xx o ||||0 ger d |
| 020 |
|
|
|a 9783839428986
|q (electronic bk.)
|
| 020 |
|
|
|z 9783732828982
|
| 035 |
|
|
|a (MiAaPQ)EBC6955907
|
| 035 |
|
|
|a (Au-PeEL)EBL6955907
|
| 035 |
|
|
|a (OCoLC)1013955631
|
| 040 |
|
|
|a MiAaPQ
|b eng
|e rda
|e pn
|c MiAaPQ
|d MiAaPQ
|
| 100 |
1 |
|
|a Convivialistes, Les.
|
| 245 |
1 |
4 |
|a Das konvivialistische Manifest :
|b Für eine neue Kunst des Zusammenlebens (herausgegeben von Frank Adloff und Claus Leggewie in Zusammenarbeit mit dem Käte Hamburger Kolleg / Centre for Global Cooperation Research Duisburg, übersetzt aus dem Französischen von Eva Moldenhauer).
|
| 250 |
|
|
|a 1st ed.
|
| 264 |
|
1 |
|a Bielefeld :
|b transcript,
|c 2014.
|
| 264 |
|
4 |
|c {copy}2014.
|
| 300 |
|
|
|a 1 online resource (79 pages)
|
| 336 |
|
|
|a text
|b txt
|2 rdacontent
|
| 337 |
|
|
|a computer
|b c
|2 rdamedia
|
| 338 |
|
|
|a online resource
|b cr
|2 rdacarrier
|
| 490 |
1 |
|
|a X-Texte zu Kultur und Gesellschaft
|
| 505 |
0 |
|
|a Cover Das konvivialistische Manifest -- Inhalt -- »Es gibt schon ein richtiges Leben im falschen.« Konvivialismus - zum Hintergrund einer Debatte -- Das konvivialistische Manifest. Für eine neue Kunst des Zusammenlebens -- Einleitung -- Die gegenwärtigen Bedrohungen -- Die Verheißungen der Gegenwart -- Kapitel I. Die zentrale Herausforderung -- Die Mutter aller Bedrohungen -- Die bestehenden Antworten -- Kapitel II. Die vier (und eine) Grundfragen -- Einige Denkaufgaben -- Kapitel III. Über Konvivialismus -- Allgemeine Überlegungen -- Kapitel IV. Moralische, politische, ökologische und ökonomische Überlegungen -- Moralische Überlegungen -- Politische Überlegungen -- Ökologische Überlegungen -- Ökonomische Überlegungen -- Kapitel V. Und konkreter? -- Was tun? -- Bruch und Übergang.
|
| 588 |
|
|
|a Description based on publisher supplied metadata and other sources.
|
| 590 |
|
|
|a Electronic reproduction. Ann Arbor, Michigan : ProQuest Ebook Central, 2023. Available via World Wide Web. Access may be limited to ProQuest Ebook Central affiliated libraries.
|
| 655 |
|
4 |
|a Electronic books.
|
| 700 |
1 |
|
|a Adloff, Frank.
|
| 700 |
1 |
|
|a Leggewie, Claus.
|
| 700 |
1 |
|
|a Moldenhauer, Eva.
|
| 776 |
0 |
8 |
|i Print version:
|a Convivialistes, Les
|t Das konvivialistische Manifest
|d Bielefeld : transcript,c2014
|z 9783732828982
|
| 797 |
2 |
|
|a ProQuest (Firm)
|
| 830 |
|
0 |
|a X-Texte zu Kultur und Gesellschaft
|
| 856 |
4 |
0 |
|u https://ebookcentral.proquest.com/lib/matrademy/detail.action?docID=6955907
|z Click to View
|